[Event "chess.com SpeedChess Q2Sw"]
[Site "chess.com INT"]
[Date "2022.11.12"]
[Round "13"]
[White "Vaibhav, Jayant Raut"]
[Black "Tokhirjonova, Gulrukhbegim"]
[Result "1-0"]
[WhiteTitle "CM"]
[BlackTitle "WGM"]
[WhiteElo "2247"]
[BlackElo "2328"]
[WhiteFideId "5089034"]
[BlackFideId "14203626"]
[EventDate "2022.11.12"]

1. Nf3 d5 2. g3 Nf6 3. Bg2 g6 4. O-O Bg7 5. d3 O-O 6. Nbd2 c5 7. e4 Nc6 8. exd5
Nxd5 9. Re1 e5 10. a4 Re8 11. Nc4 h6 12. Nfd2 Nd4 13. c3 Nc6 14. Ne4 Bf8 15. h4
Be6 16. Ne3 f5 17. Nxd5 Bxd5 18. Nf6+ Qxf6 19. Bxd5+ Kh7 20. Qb3 Rad8 21. Qxb7+
Ne7 22. Bc4 Kh8 23. Be3 f4 24. Bxc5 fxg3 25. fxg3 Nf5 26. Bxf8 Rxf8 27. Rf1 Qd6
28. Qxa7 Nxg3 29. Qe3 Nxf1 30. Qxh6# 1-0

[Event "chess.com SpeedChess Q2Sw"]
[Site "chess.com INT"]
[Date "2022.11.12"]
[Round "13"]
[White "Eynullayev, Atilla"]
[Black "Aghasiyev, Kamal"]
[Result "0-1"]
[WhiteTitle "FM"]
[BlackTitle "IM"]
[WhiteElo "2281"]
[BlackElo "2441"]
[WhiteFideId "13413570"]
[BlackFideId "13402854"]
[EventDate "2022.11.12"]

1. d4 d5 2. c4 e6 3. Nc3 Nf6 4. cxd5 exd5 5. Bg5 c6 6. e3 Nbd7 7. Bd3 Be7 8. Nf3
h6 9. Bh4 Nh5 10. Bxe7 Qxe7 11. O-O O-O 12. Rb1 Nhf6 13. b4 Ne4 14. Bxe4 dxe4
15. Nd2 Nf6 16. Na4 b6 17. b5 cxb5 18. Rxb5 Ba6 19. Re5 Qa3 20. Re1 Rac8 21. Qb3
Rc1 22. Rf1 Qxb3 23. axb3 Bxf1 24. Nxf1 0-1

[Event "chess.com SpeedChess Q2Sw"]
[Site "chess.com INT"]
[Date "2022.11.12"]
[Round "13"]
[White "Lazavik, Denis"]
[Black "Bortnyk, Olexandr"]
[Result "1-0"]
[WhiteTitle "IM"]
[BlackTitle "GM"]
[WhiteElo "2529"]
[BlackElo "2604"]
[WhiteFideId "13515110"]
[BlackFideId "14120828"]
[EventDate "2022.11.12"]

1. d4 g6 2. c4 Bg7 3. Nf3 d6 4. g3 Bd7 5. Bg2 Qc8 6. Nc3 Nc6 7. O-O Bh3 8. e4 h5
9. Bxh3 Qxh3 10. d5 Ne5 11. Ng5 Qd7 12. f4 Nxc4 13. e5 dxe5 14. Nxf7 Kxf7 15.
fxe5+ Ke8 16. e6 Qd6 17. Qa4+ c6 18. Qxc4 Nf6 19. Qd3 Kd8 20. Bf4 Qc5+ 21. Be3
Qd6 22. Qxg6 Rg8 23. Rxf6 exf6 24. Qf7 Re8 25. Qxg7 Qe7 26. Qxe7+ Kxe7 27. Bc5+
Kd8 28. Rd1 b6 29. dxc6+ Kc7 30. Bd6+ Kxc6 31. e7 f5 32. Ba3 Rac8 33. Nd5 a5 34.
Nf6 Rh8 35. Rc1+ 1-0

[Event "chess.com SpeedChess Q2Sw"]
[Site "chess.com INT"]
[Date "2022.11.12"]
[Round "13"]
[White "Csonka, Balazs"]
[Black "Yeletsky, Ivan"]
[Result "0-1"]
[WhiteTitle "IM"]
[BlackTitle "FM"]
[WhiteElo "2497"]
[BlackElo "2491"]
[WhiteFideId "742910"]
[BlackFideId "24180327"]
[EventDate "2022.11.12"]

1. e4 c6 2. Nc3 d5 3. Nf3 dxe4 4. Nxe4 Nf6 5. Qe2 Nxe4 6. Qxe4 Qa5 7. Bc4 Bf5 8.
Qf4 e6 9. c3 Nd7 10. d4 Qa4 11. Bb3 Qa6 12. h4 Be7 13. h5 h6 14. g4 Bd3 15. g5
hxg5 16. Nxg5 Nf6 17. Be3 Bf5 18. Qf3 Bg4 0-1

[Event "chess.com SpeedChess Q2Sw"]
[Site "chess.com INT"]
[Date "2022.11.12"]
[Round "13"]
[White "Podobnik, Marijan"]
[Black "Kukula, Pawel"]
[Result "0-1"]
[WhiteTitle "FM"]
[WhiteElo "2118"]
[BlackElo "2135"]
[WhiteFideId "14502151"]
[BlackFideId "1115081"]
[EventDate "2022.11.12"]

1. e4 Nc6 2. Nf3 d6 3. h3 Nf6 4. Nc3 g6 5. d4 Bg7 6. Be3 O-O 7. Bd3 a6 8. Qd2 b5
9. Bh6 b4 10. Ne2 a5 11. Bxg7 Kxg7 12. O-O e5 13. c3 Rb8 14. Rfe1 bxc3 15. bxc3
a4 16. Rab1 Bd7 17. d5 Ne7 18. Rxb8 Qxb8 19. Rb1 Qa7 20. Ne1 c6 21. c4 cxd5 22.
cxd5 Rb8 23. Qc2 Rxb1 24. Qxb1 Qc5 25. Qb2 Nc8 26. Qb3 axb3 0-1

[Event "chess.com SpeedChess Q2Sw"]
[Site "chess.com INT"]
[Date "2022.11.12"]
[Round "13"]
[White "Al-Tarboush, Ward"]
[Black "Janaszak, Dawid"]
[Result "0-1"]
[WhiteTitle "FM"]
[BlackTitle "FM"]
[WhiteElo "2238"]
[BlackElo "2322"]
[WhiteFideId "7601450"]
[BlackFideId "1119206"]
[EventDate "2022.11.12"]

1. e4 c5 2. Nf3 Nc6 3. d4 cxd4 4. Nxd4 g6 5. c4 Bg7 6. Be3 Qb6 7. Nb3 Qd8 8. Nc3
Bxc3+ 9. bxc3 Nf6 10. Bd3 d6 11. O-O O-O 12. f3 b6 13. a4 Ne5 14. a5 Ba6 15.
axb6 axb6 16. Nd4 Bxc4 17. Rxa8 Qxa8 18. Bxc4 Nxc4 19. Bf2 Rc8 20. Bh4 Ne3 21.
Qc1 Nxf1 22. Qxf1 Rxc3 23. Nb5 Rb3 24. Nd4 Ra3 25. Nc2 Ra2 26. Qc4 b5 27. Qb3
Qa7+ 28. Bf2 Ra1+ 0-1

[Event "chess.com SpeedChess Q2Sw"]
[Site "chess.com INT"]
[Date "2022.11.12"]
[Round "13"]
[White "Guzman Moneo, Alberto"]
[Black "Biastoch, Bennet"]
[Result "1-0"]
[WhiteTitle "CM"]
[BlackTitle "FM"]
[WhiteElo "2146"]
[BlackElo "2232"]
[WhiteFideId "2209616"]
[BlackFideId "12939889"]
[EventDate "2022.11.12"]

1. e4 c5 2. Nc3 d6 3. f4 g6 4. Nf3 Bg7 5. Bb5+ Bd7 6. Bc4 e6 7. d3 Ne7 8. O-O
O-O 9. Qe1 Nbc6 10. Qh4 Nd4 11. Nxd4 cxd4 12. Ne2 d5 13. exd5 exd5 14. Bb3 a5
15. a4 Bc6 16. g4 Nc8 17. Qf2 f5 18. g5 Nd6 19. Nxd4 Kh8 20. Ne6 Qd7 21. Nxg7
Kxg7 22. Be3 Rfe8 23. Bd4+ Kg8 24. Be5 Nf7 25. Bf6 Re6 26. Rfe1 Rae8 27. Rxe6
Qxe6 28. Bc3 h6 29. Re1 Qd7 30. Rxe8+ Qxe8 31. Qd4 Qf8 32. h4 b6 33. Qxb6 Qe8
34. Qd4 Qf8 35. Qf6 Kh7 36. Qxc6 Qe7 37. Qf6 Qf8 38. Bxd5 1-0

[Event "chess.com SpeedChess Q2Sw"]
[Site "chess.com INT"]
[Date "2022.11.12"]
[Round "13"]
[White "Sadovsky, Artem"]
[Black "Dudzinski, Pawel"]
[Result "1-0"]
[WhiteTitle "IM"]
[BlackTitle "FM"]
[WhiteElo "2276"]
[BlackElo "2186"]
[WhiteFideId "4155840"]
[BlackFideId "1117890"]
[EventDate "2022.11.12"]

1. Nf3 g6 2. h4 Bg7 3. h5 gxh5 4. Rxh5 Nf6 5. Rh1 d5 6. d3 c5 7. Bh6 Bxh6 8.
Rxh6 Nc6 9. Nc3 d4 10. Nb1 Bg4 11. Nbd2 Qa5 12. a3 Bxf3 13. gxf3 O-O-O 14. Bh3+
Kb8 15. Kf1 c4 16. Nxc4 Qg5 17. Qd2 Qg7 18. Qf4+ e5 19. Nxe5 Nd5 20. Nxc6+ Ka8
21. Qxd4 Qxd4 22. Nxd4 Nf4 23. e3 Ng6 24. f4 Kb8 25. Bf5 Ne7 26. Be4 Kc7 27. Rf6
Rdf8 28. b4 h5 29. Ke2 h4 30. Rh1 h3 31. Nf5 Ng6 32. Ng3 Kd7 33. Bxg6 fxg6 34.
Rxf8 Rxf8 35. Rxh3 Rf7 36. Ne4 Kc6 37. Rh6 Kb5 38. Rxg6 Ka4 39. Rf6 Re7 40. Nc5+
Kxa3 41. c3 Kb2 42. Kd2 Rh7 43. f5 Rh2 44. Ne4 Rh7 45. Re6 b6 46. f6 a5 47. Re7
Rh8 48. bxa5 bxa5 49. f7 Rf8 50. Nd6 a4 51. Re8 Rxf7 52. Nxf7 a3 53. Rb8+ Ka1
54. Ra8 a2 55. Ra3 Kb2 56. Rxa2+ Kxa2 57. c4 1-0

[Event "chess.com SpeedChess Q2Sw"]
[Site "chess.com INT"]
[Date "2022.11.12"]
[Round "13"]
[White "Urazayev, Arystanbek"]
[Black "Quispe Arteaga, Gabriel"]
[Result "1-0"]
[WhiteTitle "IM"]
[BlackTitle "FM"]
[WhiteElo "2458"]
[BlackElo "2374"]
[WhiteFideId "13709810"]
[BlackFideId "32059809"]
[EventDate "2022.11.12"]

1. e4 c5 2. Nf3 e6 3. c3 Nf6 4. e5 Nd5 5. Bc4 Nc6 6. O-O Nb6 7. Bb3 c4 8. Bc2
Qc7 9. Re1 d6 10. exd6 Bxd6 11. b3 cxb3 12. axb3 Bd7 13. d4 O-O-O 14. c4 Bf4 15.
Nc3 Bxc1 16. Qxc1 a6 17. c5 Nd5 18. Ne4 Kb8 19. Nd6 Bc8 20. Be4 Rxd6 21. cxd6
Qxd6 22. Ne5 Nxe5 23. dxe5 Qxe5 24. Bxd5 Qxd5 25. Qf4+ e5 26. Rxe5 Qd6 27. Rxa6
bxa6 28. Rb5+ Kc7 29. Rc5+ Kd7 30. Qxf7+ 1-0

[Event "chess.com SpeedChess Q2Sw"]
[Site "chess.com INT"]
[Date "2022.11.12"]
[Round "13"]
[White "Liyanage, Ranindu Dilshan"]
[Black "Walentukiewicz, Michal"]
[Result "1/2-1/2"]
[WhiteTitle "FM"]
[BlackTitle "CM"]
[WhiteElo "2331"]
[BlackElo "2088"]
[WhiteFideId "9915834"]
[BlackFideId "1126903"]
[EventDate "2022.11.12"]

1. d4 g6 2. e4 Bg7 3. Nc3 c5 4. d5 d6 5. f4 Nf6 6. Nf3 O-O 7. Bc4 Na6 8. O-O Nc7
9. Qe2 Rb8 10. a4 a6 11. a5 b5 12. axb6 Rxb6 13. Rd1 Bg4 14. h3 Bxf3 15. Qxf3
Nd7 16. Qe2 Qb8 17. Ra2 Qb7 18. h4 Rb8 19. Na4 Rb4 20. c3 Rb5 21. h5 Qc8 22.
hxg6 hxg6 23. Be3 R5b7 24. Raa1 Nb6 25. Nxb6 Rxb6 26. b3 Bxc3 27. Rac1 Bg7 28.
Kf2 Nb5 29. Rh1 Nd4 30. Bxd4 Bxd4+ 31. Kf1 a5 32. Qd3 Rb4 33. Qg3 a4 34. bxa4
Rxa4 35. Qh4 Rxc4 36. Rxc4 Rb1+ 37. Ke2 Rxh1 38. Qxh1 Qa6 39. Qc1 Kg7 40. Kf3
Qa2 41. Qc2 Qa1 42. Qc1 Qa2 43. Qc2 Qa1 44. Qc1 Qa2 1/2-1/2

[Event "chess.com SpeedChess Q2Sw"]
[Site "chess.com INT"]
[Date "2022.11.12"]
[Round "13"]
[White "Grischuk, Alexander"]
[Black "Theodorou, Nikolas"]
[Result "1-0"]
[WhiteTitle "GM"]
[BlackTitle "GM"]
[WhiteElo "2745"]
[BlackElo "2598"]
[WhiteFideId "4126025"]
[BlackFideId "4262875"]
[EventDate "2022.11.12"]

1. Nf3 Nf6 2. g3 g6 3. c4 Bg7 4. Nc3 O-O 5. Bg2 d6 6. d4 Nc6 7. Bf4 h6 8. O-O g5
9. Be3 Ng4 10. Bc1 e5 11. d5 Ne7 12. e4 f5 13. exf5 Nxf5 14. Nd2 Nd4 15. Nde4
Nf6 16. Be3 Bf5 17. Qd3 Bh7 18. Bxd4 exd4 19. Nb5 Nd7 20. Nxd4 Nc5 21. Qe3 Bxe4
22. Bxe4 Qf6 23. Ne6 Nxe6 24. dxe6 c6 25. Rad1 Rad8 26. e7 1-0

[Event "chess.com SpeedChess Q2Sw"]
[Site "chess.com INT"]
[Date "2022.11.12"]
[Round "13"]
[White "Sarana, Alexey"]
[Black "Mikaelyan, Arman"]
[Result "1-0"]
[WhiteTitle "GM"]
[BlackTitle "GM"]
[WhiteElo "2668"]
[BlackElo "2556"]
[WhiteFideId "24133795"]
[BlackFideId "13304852"]
[EventDate "2022.11.12"]

1. c4 c6 2. Nf3 d5 3. d4 Nf6 4. Nc3 e6 5. e3 Nbd7 6. Bd3 dxc4 7. Bxc4 b5 8. Bd3
Bd6 9. Qc2 Bb7 10. O-O a6 11. e4 e5 12. Bg5 h6 13. Bh4 O-O 14. dxe5 Nxe5 15.
Nxe5 Bxe5 16. f4 Bd4+ 17. Kh1 Qb6 18. Rae1 c5 19. Qe2 c4 20. Bb1 b4 21. e5 bxc3
22. Bxf6 Qxb2 23. Bc2 gxf6 24. Rb1 f5 25. Rxb2 cxb2 26. Bxf5 Rfd8 27. Qh5 Kg7
28. Qg4+ Kf8 29. Qh4 Be3 30. Qxh6+ Ke8 31. Qh8+ Ke7 32. Qf6+ Ke8 33. e6 Bxg2+
34. Kxg2 Rd2+ 35. Kf3 1-0

[Event "chess.com SpeedChess Q2Sw"]
[Site "chess.com INT"]
[Date "2022.11.12"]
[Round "13"]
[White "Melian, Juan Sebastian"]
[Black "Mikhailov, Viacheslav"]
[Result "1-0"]
[WhiteTitle "CM"]
[BlackTitle "IM"]
[WhiteElo "2150"]
[BlackElo "2428"]
[WhiteFideId "3706575"]
[BlackFideId "4187369"]
[EventDate "2022.11.12"]

1. d4 c5 2. e3 cxd4 3. exd4 Nf6 4. Nf3 g6 5. Bd3 Bg7 6. O-O O-O 7. Qe2 d6 8. Re1
Bg4 9. Qxe7 Qxe7 10. Rxe7 Bxf3 11. gxf3 Nc6 12. Rxb7 Nxd4 13. Kg2 Ne6 14. Nc3
Nc5 15. Re7 Rfb8 16. Rb1 Nh5 17. Nd5 Re8 18. b4 Ne6 19. Rxe8+ Rxe8 20. Be3 a6
21. Bxa6 Nd4 22. Bd3 Re5 23. c4 Nf5 24. Bxf5 Rxf5 25. Ne7+ Kf8 26. Nxf5 1-0

[Event "chess.com SpeedChess Q2Sw"]
[Site "chess.com INT"]
[Date "2022.11.12"]
[Round "13"]
[White "Grandelius, Nils"]
[Black "Peyrer, Konstantin"]
[Result "1/2-1/2"]
[WhiteTitle "GM"]
[BlackTitle "FM"]
[WhiteElo "2657"]
[BlackElo "2393"]
[WhiteFideId "1710400"]
[BlackFideId "1640879"]
[EventDate "2022.11.12"]

1. Nf3 f5 2. d4 Nf6 3. h3 d6 4. Nc3 g6 5. g4 Bg7 6. gxf5 Bxf5 7. Ng5 d5 8. Bf4
Nc6 9. e3 O-O 10. Be2 Kh8 11. h4 Nh5 12. Bxh5 gxh5 13. Qxh5 Bg6 14. Qe2 Qd7 15.
O-O-O Nb4 16. Rd2 c5 17. h5 Bf5 18. h6 Bf6 19. Be5 Nc6 20. f4 cxd4 21. exd4 Nxe5
22. dxe5 Bxg5 23. fxg5 e6 24. Nb5 Be4 25. Qxe4 Qxb5 26. Qg4 Rf1+ 27. Rxf1 Qxf1+
28. Rd1 Qf7 29. Rg1 Rf8 30. g6 hxg6 31. Qxg6 Qf4+ 32. Kd1 Qd4+ 33. Kc1 Qf4+ 34.
Kd1 Qd4+ 35. Kc1 Qf4+ 1/2-1/2

[Event "chess.com SpeedChess Q2Sw"]
[Site "chess.com INT"]
[Date "2022.11.12"]
[Round "13"]
[White "Baches Garcia, Guillermo"]
[Black "Novik, Maxim"]
[Result "0-1"]
[WhiteTitle "IM"]
[BlackTitle "GM"]
[WhiteElo "2326"]
[BlackElo "2412"]
[WhiteFideId "2209764"]
[BlackFideId "4102924"]
[EventDate "2022.11.12"]

1. e4 c6 2. c4 d5 3. exd5 cxd5 4. cxd5 Nf6 5. Nc3 g6 6. Nf3 Bg7 7. Bc4 O-O 8.
O-O Nbd7 9. d3 Nb6 10. Qb3 Ne8 11. Re1 Nd6 12. Bg5 Re8 13. Rac1 Bg4 14. Nd2 h6
15. Be3 Rc8 16. Bxb6 axb6 17. Nde4 Nf5 18. Nb5 Nd4 19. Nxd4 Bxd4 20. h3 Bf5 21.
Ng3 Qd6 22. Nxf5 gxf5 23. Bb5 Red8 24. a4 Rxc1 25. Rxc1 Bxf2+ 26. Kh1 Bd4 27.
Qd1 Qf4 28. Qf3 Qxc1+ 0-1

[Event "chess.com SpeedChess Q2Sw"]
[Site "chess.com INT"]
[Date "2022.11.12"]
[Round "13"]
[White "Veiga, Jose Francisco R P Neves"]
[Black "Aumann, Welf"]
[Result "1-0"]
[WhiteTitle "IM"]
[BlackTitle "FM"]
[WhiteElo "2393"]
[BlackElo "2316"]
[WhiteFideId "1930087"]
[BlackFideId "4634071"]
[EventDate "2022.11.12"]

1. Nf3 c5 2. e4 a6 3. c3 d5 4. exd5 Qxd5 5. d4 Nf6 6. Na3 e6 7. Bc4 Qd8 8. O-O
cxd4 9. cxd4 Nc6 10. Nc2 Be7 11. Bf4 O-O 12. Ne3 b5 13. Bb3 Na5 14. Bc2 Bb7 15.
Ne5 Rc8 16. Rc1 Nd5 17. Qd3 g6 18. Nxd5 Qxd5 19. f3 Rfd8 20. Rfd1 Nc4 21. Bb3
Nxe5 22. Bxe5 Qd7 23. Rxc8 Qxc8 24. Qe3 Bd5 25. Rc1 Qa8 26. Rc7 Bf8 27. Qf4 f5
28. Qh4 1-0

[Event "chess.com SpeedChess Q2Sw"]
[Site "chess.com INT"]
[Date "2022.11.12"]
[Round "13"]
[White "Manukian, Artak"]
[Black "Rohith, Krishna S"]
[Result "1-0"]
[BlackTitle "FM"]
[WhiteElo "2196"]
[BlackElo "2380"]
[WhiteFideId "13301373"]
[BlackFideId "46617051"]
[EventDate "2022.11.12"]

1. e4 e5 2. Nf3 Nc6 3. d4 exd4 4. Nxd4 Bc5 5. Nxc6 Qf6 6. Qf3 bxc6 7. Nc3 Qxf3
8. gxf3 Ne7 9. h4 d5 10. h5 Be6 11. Bd3 O-O-O 12. h6 g6 13. Bg5 Rhe8 14. Bf6 Kb8
15. Na4 Bb6 16. Nxb6 cxb6 17. O-O-O d4 18. f4 c5 19. b3 Rc8 20. Ba6 Rc7 21. Be5
Nc6 22. Bxc7+ Kxc7 23. Bb5 Bg4 24. Rde1 Bf3 25. Rhg1 Rxe4 26. Bxc6 Kxc6 27. Rxe4
Bxe4 28. Re1 Kd5 29. f3 Bxf3 30. Re7 g5 31. Rxf7 g4 32. Rxh7 c4 33. bxc4+ Kxc4
34. Rg7 Kc3 35. h7 d3 36. cxd3 Kxd3 37. h8=Q Ke3 38. f5 Kf4 39. f6 g3 40. Qh6+
Ke4 41. Rxg3 Kd3 42. Rxf3+ Ke2 43. Qe3# 1-0

[Event "chess.com SpeedChess Q2Sw"]
[Site "chess.com INT"]
[Date "2022.11.12"]
[Round "13"]
[White "Kazakov, Mikhail"]
[Black "Mezhlumyan, Vahram"]
[Result "1-0"]
[WhiteTitle "GM"]
[BlackTitle "FM"]
[WhiteElo "2513"]
[BlackElo "2208"]
[WhiteFideId "14102749"]
[BlackFideId "13302183"]
[EventDate "2022.11.12"]

1. e4 c5 2. Nf3 e6 3. d4 cxd4 4. Nxd4 Nf6 5. Nc3 Nc6 6. Ndb5 d6 7. Bf4 e5 8. Bg5
a6 9. Na3 b5 10. Nd5 Be7 11. Bxf6 Bxf6 12. c3 Ne7 13. Nc2 Bb7 14. Ncb4 Bg5 15.
h4 Bh6 16. g3 O-O 17. Bg2 Nc8 18. O-O a5 19. Nc2 Ne7 20. Nce3 Bxe3 21. Nxe3 Qc7
22. Qd3 Rfd8 23. Rfd1 Bc6 24. a3 Rab8 25. Rd2 Bd7 26. Qxd6 Qxd6 27. Rxd6 Be6 28.
Rad1 Rxd6 29. Rxd6 g6 30. Nd5 Bxd5 31. exd5 b4 32. axb4 axb4 33. c4 Nf5 34. Ra6
b3 35. c5 Rc8 36. d6 Rxc5 37. d7 Rc1+ 38. Kh2 Rd1 39. Ra8+ 1-0

[Event "chess.com SpeedChess Q2Sw"]
[Site "chess.com INT"]
[Date "2022.11.12"]
[Round "13"]
[White "Yoo, Christopher Woojin"]
[Black "Stribuk, Artiom"]
[Result "1-0"]
[WhiteTitle "GM"]
[BlackTitle "FM"]
[WhiteElo "2573"]
[BlackElo "2312"]
[WhiteFideId "30909694"]
[BlackFideId "13515659"]
[EventDate "2022.11.12"]

1. e4 c5 2. Nf3 Nc6 3. b4 Nxb4 4. c3 Nc6 5. d4 cxd4 6. cxd4 e6 7. Bd3 d5 8. e5
Bd7 9. O-O Nge7 10. Nc3 Ng6 11. Rb1 Na5 12. Bg5 Be7 13. Bxe7 Nxe7 14. Ng5 h6 15.
Qh5 Rf8 16. Nh7 Rg8 17. Nb5 Bxb5 18. Bxb5+ Nec6 19. Bxc6+ bxc6 20. f4 Rb8 21. f5
Rxb1 22. Rxb1 exf5 23. e6 g6 24. Qe2 Rg7 25. e7 Qxe7 26. Nf6+ Kd8 27. Rb8+ 1-0

[Event "chess.com SpeedChess Q2Sw"]
[Site "chess.com INT"]
[Date "2022.11.12"]
[Round "13"]
[White "Curtis, John"]
[Black "Selkirk, Rebecca"]
[Result "1-0"]
[WhiteTitle "FM"]
[BlackTitle "WCM"]
[WhiteElo "2292"]
[BlackElo "1674"]
[WhiteFideId "3200256"]
[BlackFideId "14306514"]
[EventDate "2022.11.12"]

1. e4 c5 2. Nf3 e6 3. d4 cxd4 4. Nxd4 a6 5. Nc3 Qc7 6. f4 Bc5 7. Nf3 d6 8. Bd3
Nc6 9. Qe2 b5 10. Be3 Bb4 11. O-O Bxc3 12. bxc3 e5 13. a4 Nf6 14. axb5 Ne7 15.
c4 a5 16. b6 Qb7 17. fxe5 dxe5 18. Nxe5 O-O 19. c5 Nxe4 20. Bd4 Ng5 21. Be3 Ne6
22. Bf2 Ng6 23. Nxg6 hxg6 24. Be4 Qa6 25. Qxa6 Bxa6 26. Bxa8 Rxa8 27. Rxa5 Bb7
28. Rxa8+ Bxa8 29. Ra1 Bc6 30. Ra7 1-0

[Event "chess.com SpeedChess Q2Sw"]
[Site "chess.com INT"]
[Date "2022.11.12"]
[Round "13"]
[White "Pranav, V"]
[Black "Zemlyanskii, Ivan"]
[Result "1-0"]
[WhiteTitle "IM"]
[BlackTitle "FM"]
[WhiteElo "2548"]
[BlackElo "2237"]
[WhiteFideId "25060783"]
[BlackFideId "24249971"]
[EventDate "2022.11.12"]

1. e4 c5 2. Nf3 d6 3. Bb5+ Nd7 4. a4 Nf6 5. Nc3 a6 6. Bc4 b6 7. O-O Bb7 8. Re1
e6 9. d4 cxd4 10. Nxd4 Qc7 11. Qe2 Nc5 12. f3 Be7 13. Be3 O-O 14. Rad1 Rfe8 15.
Ba2 d5 16. exd5 Nxd5 17. Nxd5 Bxd5 18. Bxd5 exd5 19. b3 Bf6 20. Qf2 Rac8 21. Nf5
Qd7 22. g4 Bc3 23. Re2 Re6 24. Bd4 Bxd4 25. Qxd4 f6 26. Rxe6 Nxe6 27. Qxb6 Rxc2
28. Rxd5 Rc1+ 29. Kf2 Rc2+ 30. Kg3 Rg2+ 31. Kxg2 Nf4+ 32. Kg3 Nxd5 33. Qc5 Kf7
34. b4 Qe6 35. Nd6+ Kg6 36. Qc2+ Kh6 37. Nf5+ Kg5 38. h4+ Kg6 39. Nd4+ 1-0

[Event "chess.com SpeedChess Q2Sw"]
[Site "chess.com INT"]
[Date "2022.11.12"]
[Round "13"]
[White "Primbetov, Kazbek"]
[Black "Barria Zuniga, Daniel"]
[Result "0-1"]
[WhiteTitle "FM"]
[BlackTitle "IM"]
[WhiteElo "2156"]
[BlackElo "2341"]
[WhiteFideId "13702297"]
[BlackFideId "3400816"]
[EventDate "2022.11.12"]

1. d4 g6 2. e4 Bg7 3. f4 c5 4. Nf3 cxd4 5. Nxd4 Nc6 6. Nf3 Nf6 7. Nc3 O-O 8. Be3
d6 9. h3 Bd7 10. g4 b5 11. a3 b4 12. axb4 Nxb4 13. e5 Ne8 14. Bg2 Bc6 15. O-O a5
16. Rf2 Qb8 17. Bd4 dxe5 18. Bxe5 Qb7 19. Qd4 Nf6 20. g5 Nh5 21. Bxg7 Nxg7 22.
Re1 Nf5 23. Qe5 Rfd8 24. Nh2 Rac8 25. Ng4 Bxg2 26. Rxg2 Nc6 0-1

[Event "chess.com SpeedChess Q2Sw"]
[Site "chess.com INT"]
[Date "2022.11.12"]
[Round "13"]
[White "Begunov, Konstantin"]
[Black "Lakshmi, C"]
[Result "1-0"]
[WhiteTitle "FM"]
[BlackTitle "WFM"]
[WhiteElo "2325"]
[BlackElo "1956"]
[WhiteFideId "4118510"]
[BlackFideId "25035347"]
[EventDate "2022.11.12"]

1. d4 Nf6 2. c4 g6 3. f3 d6 4. e4 Nbd7 5. Be3 Bg7 6. Nc3 c5 7. Nge2 a6 8. Qd2
Rb8 9. Rd1 Qc7 10. Nd5 Nxd5 11. exd5 b5 12. cxb5 axb5 13. dxc5 Nxc5 14. Nd4 Bd7
15. Rc1 Qb7 16. b4 Na4 17. Nc6 Rc8 18. Qd3 Bxc6 19. dxc6 Rxc6 20. Qxb5 Qd7 21.
Qxc6 Bc3+ 22. Rxc3 Nxc3 23. Qxc3 O-O 24. Bh6 Qe6+ 25. Be2 1-0

[Event "chess.com SpeedChess Q2Sw"]
[Site "chess.com INT"]
[Date "2022.11.12"]
[Round "13"]
[White "Ljukin, Sergei"]
[Black "Ezat, Mohamed"]
[Result "0-1"]
[WhiteTitle "FM"]
[BlackTitle "IM"]
[WhiteElo "2362"]
[BlackElo "2404"]
[WhiteFideId "14102200"]
[BlackFideId "10600906"]
[EventDate "2022.11.12"]

1. e4 c6 2. d4 d5 3. e5 c5 4. Nf3 Bg4 5. c4 e6 6. Nc3 Bxf3 7. gxf3 cxd4 8. Qxd4
Nc6 9. Qf4 d4 10. Nb5 a6 11. Nd6+ Bxd6 12. exd6 Nf6 13. Bd2 e5 14. Qg3 Qxd6 15.
Qxg7 O-O-O 16. Qxf7 Rdf8 17. Bh3+ Kb8 18. Qe6 Qc5 19. O-O-O b5 20. Bh6 bxc4 21.
Bxf8 Rxf8 22. f4 c3 23. Qb3+ Ka7 24. bxc3 Rb8 25. Qc2 Qa3+ 26. Kd2 Rb2 0-1

[Event "chess.com SpeedChess Q2Sw"]
[Site "chess.com INT"]
[Date "2022.11.12"]
[Round "13"]
[White "Djordjevic, Vuk"]
[Black "Ivic, Velimir"]
[Result "1-0"]
[WhiteTitle "IM"]
[BlackTitle "GM"]
[WhiteElo "2394"]
[BlackElo "2560"]
[WhiteFideId "902098"]
[BlackFideId "950122"]
[EventDate "2022.11.12"]

1. d4 Nf6 2. Bg5 d5 3. Bxf6 gxf6 4. e3 c5 5. c4 cxd4 6. exd4 Nc6 7. Nc3 dxc4 8.
d5 Ne5 9. Bxc4 Nxc4 10. Qa4+ Bd7 11. Qxc4 Bg7 12. Nge2 O-O 13. O-O Rc8 14. Qb4
Qb6 15. Qxe7 Bf5 16. Qa3 Rfe8 17. Rfd1 Bc2 18. Rd2 Bg6 19. d6 Re6 20. Nd5 Qd8
21. Nef4 Re4 22. Rad1 Rcc4 23. Nxg6 hxg6 24. d7 Kh8 25. h3 Re6 26. Qxa7 Rd6 27.
Ne3 Rxd2 28. Rxd2 Rc1+ 29. Kh2 Rc7 30. Qd4 f5 31. Qd5 Kg8 32. g3 Bh6 33. Qd6 Rc6
34. Qd4 f4 35. gxf4 Rf6 36. Qxf6 1-0

[Event "chess.com SpeedChess Q2Sw"]
[Site "chess.com INT"]
[Date "2022.11.12"]
[Round "13"]
[White "Sellitti, Federico"]
[Black "Pakleza, Zbigniew"]
[Result "1-0"]
[BlackTitle "GM"]
[WhiteElo "2176"]
[BlackElo "2496"]
[WhiteFideId "821829"]
[BlackFideId "1119290"]
[EventDate "2022.11.12"]

1. e4 d6 2. Nc3 Nf6 3. g3 Bg4 4. f3 Bh5 5. Bg2 e5 6. d3 Be7 7. Nge2 O-O 8. g4
Bg6 9. Ng3 Nfd7 10. Be3 Bg5 11. Bxg5 Qxg5 12. h4 Qe3+ 13. Nge2 c6 14. h5 Qb6 15.
hxg6 fxg6 16. Rb1 Nc5 17. d4 Ne6 18. dxe5 dxe5 19. Qd6 Nd4 20. Nxd4 exd4 21. Ne2
Rd8 22. Qe6+ Kh8 23. Nf4 h6 24. Nxg6+ Kh7 25. Rxh6+ Kxh6 26. Nf8+ Kg5 27. Qf5+
Kh4 28. Qh5+ Kg3 29. Qh3+ Kf4 30. Ng6+ Kg5 31. Qh5+ Kf6 32. Qf5# 1-0